000 00560nam a22001817a 4500
005 20251108172455.0
008 250721s1994 xx 000 0 ara d
082 1 4 _a415.1016/خلف
100 1 _aخلف، عادل
245 1 0 _aمصادر السيوطي في الاشباه والنظائر النحوية /
264 1 _aالقاهرة :
_bمكتبة الآداب،
_c1994.
300 _a134ص.
650 1 7 _aاللغة العربية
650 1 7 _aقواعد اللغة
650 1 7 _aالببليوغرافيا
942 _2ddc
_cBK
999 _c80260
_d80260